000 00422nam a22001577a 4500
020 _a978-93-42936-81-7
082 _a894.812.3
_bJIS/V
100 _aJISHA U.C
245 _aVILAKKUMARAM PARANJA KATHAKAL
246 _aVILAKKUMARAM PARANJA KATHAKAL
_bVILAKKUMARAM PARANJA KATHAKAL
260 _aTHRISSUR
_bCURRENT BOOKS
_c2022
300 _a63
520 _aMALAYALAM STORY
650 _a MALAYALAM STORY
942 _cBK
999 _c7059
_d7059